Handbook of chemical and environmental engineering calculations / (Record no. 18707)
[ view plain ]
| 000 -LEADER | |
|---|---|
| fixed length control field | 01167cam a22002894a 4500 |
| 001 - CONTROL NUMBER | |
| control field | 15110056 |
| 005 - DATE AND TIME OF LATEST TRANSACTION | |
| control field | 20141203105128.0 |
| 008 - FIXED-LENGTH DATA ELEMENTS--GENERAL INFORMATION | |
| fixed length control field | 071212t2007 xxuadk frf 001 0 eng d |
| 010 ## - LIBRARY OF CONGRESS CONTROL NUMBER | |
| LC control number | 2007530826 |
| 020 ## - INTERNATIONAL STANDARD BOOK NUMBER | |
| International Standard Book Number | 9780470139028 |
| 040 ## - CATALOGING SOURCE | |
| Original cataloging agency | DLC |
| Transcribing agency | DLC |
| Modifying agency | DLC |
| -- | EG-ScBUE |
| 082 00 - DEWEY DECIMAL CLASSIFICATION NUMBER | |
| Edition number | 22 |
| Classification number | 660.076 |
| Item number | REY |
| 245 00 - TITLE STATEMENT | |
| Title | Handbook of chemical and environmental engineering calculations / |
| Statement of responsibility, etc | [edited by] Joseph P. Reynolds, John S. Jeris, Louis Theodore. |
| 260 ## - PUBLICATION, DISTRIBUTION, ETC. (IMPRINT) | |
| Place of publication, distribution, etc | Hoboken, United States : |
| Name of publisher, distributor, etc | Wiley-Interscience, |
| Date of publication, distribution, etc | c.2007. |
| 300 ## - PHYSICAL DESCRIPTION | |
| Extent | xiii, 948 p. : |
| Other physical details | charts, forms, tables ; |
| Dimensions | 24 cm. |
| 500 ## - GENERAL NOTE | |
| General note | Index : p. 942-948. |
| 650 #0 - SUBJECT ADDED ENTRY--TOPICAL TERM | |
| Topical term or geographic name as entry element | Chemical engineering |
| Form subdivision | Problems, exercises, etc. |
| 9 (RLIN) | 7824 |
| 650 #0 - SUBJECT ADDED ENTRY--TOPICAL TERM | |
| Topical term or geographic name as entry element | Environmental engineering |
| Form subdivision | Problems, exercises, etc. |
| 9 (RLIN) | 36764 |
| 650 #0 - SUBJECT ADDED ENTRY--TOPICAL TERM | |
| Topical term or geographic name as entry element | Sanitation |
| General subdivision | Mathematics |
| Form subdivision | Handbooks, manuals, etc. |
| 9 (RLIN) | 36765 |
| 650 #0 - SUBJECT ADDED ENTRY--TOPICAL TERM | |
| Topical term or geographic name as entry element | Environmental engineering |
| General subdivision | Mathematics |
| Form subdivision | Handbooks, manuals, etc. |
| 9 (RLIN) | 36766 |
| 653 ## - INDEX TERM--UNCONTROLLED | |
| Resource For college | Engineering, General |
| Arrived date list | December2014 |
| 655 ## - INDEX TERM--GENRE/FORM | |
| Form subdivision | |
| -- | 34232 |
| 700 1# - ADDED ENTRY--PERSONAL NAME | |
| Personal name | Jeris, John S. |
| 9 (RLIN) | 36767 |
| Relator term | editor. |
| 700 1# - ADDED ENTRY--PERSONAL NAME | |
| Personal name | Theodore, Louis |
| 9 (RLIN) | 36768 |
| Relator term | editor. |
| 700 1# - ADDED ENTRY--PERSONAL NAME | |
| Personal name | Reynolds, Joseph P. |
| 9 (RLIN) | 36763 |
| Relator term | editor. |
| 942 ## - ADDED ENTRY ELEMENTS (KOHA) | |
| Source of classification or shelving scheme | Dewey Decimal Classification |
| Call number prefix | 660.076 REY |
| Withdrawn status | Item status | Source of classification or shelving scheme | Damaged status | Not for loan | Vendor | Home library | Current library | Shelving location | Date acquired | Cost, normal purchase price | Serial Enumeration / chronology | Total Checkouts | Full call number | Barcode | Date last seen | Cost, replacement price | Koha item type |
|---|---|---|---|---|---|---|---|---|---|---|---|---|---|---|---|---|---|
| Dewey Decimal Classification | Baccah | Central Library | Central Library | First floor | 03/12/2014 | 1099.00 | 20677 | 660.076 REY | 000037089 | 15/07/2025 | 1373.75 | Reference (NB) |